| 000 | 00993cad a22002295a 4500 | ||
|---|---|---|---|
| 001 | L156065 | ||
| 008 | 120427u2011 xxk g 000 0 eng d | ||
| 035 | _a(Sirsi) u156065 | ||
| 041 | 0 | _aeng | |
| 100 | 1 | _aChurcher, David | |
| 110 | 2 |
_aConstruction Project Information Committee _93694 |
|
| 245 | 0 | 0 |
_aCross-discipline design deliverables for BIM _bphase 1 report _h[electronic resource] |
| 520 | _aCPI undertook a project to identify the differences between plans of work in the construction industry. This strategy document now forms the basis of the work to map the plans of work against the CIC plan of work and to define the data drops at the different stages. | ||
| 590 | _aKA | ||
| 651 | 4 |
_aUnited Kingdom _y |
|
| 690 |
_aBIM _96219 |
||
| 700 | 1 | _aRichards, Mervyn | |
| 710 | 1 | _aHitherwood Consulting Ltd | |
| 710 | 1 | _aMR1 Consulting Ltd | |
| 856 | 4 | 0 |
_uhttps://www.cpic.org.uk/en/bim/deliverables-strategy.cfm _zView the website free of charge at www.cpic.org.uk |
| 942 | _n0 | ||
| 999 |
_c114011 _d114011 |
||